| 000 | 00345nam a2200133Ia 4500 | ||
|---|---|---|---|
| 008 | 230917s9999||||xx |||||||||||||| ||und|| | ||
| 040 |
_e126185 _aMAIN |
||
| 041 | _aEnglish | ||
| 082 | _a338.4791 M857I | ||
| 100 | _aMoti Ram | ||
| 245 | 0 | _aInternational tourism in South East Asia | |
| 260 |
_aNew Delhi _bSanjay Prakashan _c2005 |
||
| 942 | _cBK | ||
| 999 |
_c152137 _d152137 |
||